000 00456nam a22001697a 4500
003 OSt
005 20220125092133.0
008 220125b |||||||| |||| 00| 0 eng d
020 _a0395489156
040 _cH U
082 _a658.3
100 _aWHOLBERG ,JANET W.
_928486
245 _aORGANIZATIONAL BEHAVIOR CASES EXERCISES,READINGS ,AND AN EXTENDED SIMULATION
260 _aU S A
_bHOUJHTON MIFFLIN CO
_c1989
300 _a468
942 _2ddc
_cBOOKS
_n0
999 _c27691
_d27691